Aristóteles

Uno de los estudios pioneros de la visión contemporánea de Aristóteles, enmarcado en el problema de los múltiples significados del ente, partiendo de la famosa frase del Estagirita: Τὸ ὂν λέγεται πολλαχῶς (“El ser se dice de muchas maneras”). Los temas que se desarrollan son la cuádruple distinción...

Cur síos iomlán

Sábháilte in:
Sonraí bibleagrafaíochta
Príomhchruthaitheoir: Brentano, Franz
Formáid: LEABHAR
Teanga:Undetermined
Foilsithe / Cruthaithe: Barcelona, España Editorial Labor 1983
Ábhair:
Clibeanna: Cuir clib leis
Níl clibeanna ann, Bí ar an gcéad duine le clib a chur leis an taifead seo!

MARC

LEADER 00000nam a2200000Ia 4500
008 170316s9999 xx 000 0 und d
040 |a cru BVZT 
090 |a 100 B-59a 
100 |a Brentano, Franz  |9 1483 
245 |a Aristóteles 
260 |a Barcelona, España 
260 |b Editorial Labor 
260 |c 1983 
300 |a 195 páginas 
520 |a Uno de los estudios pioneros de la visión contemporánea de Aristóteles, enmarcado en el problema de los múltiples significados del ente, partiendo de la famosa frase del Estagirita: Τὸ ὂν λέγεται πολλαχῶς (“El ser se dice de muchas maneras”). Los temas que se desarrollan son la cuádruple distinción del ente, el ente accidental, el ente verdadero y el ente según las figuras de las categorías. 
650 |a FILOSOFÍA  |9 5 
650 |a ARISTÓTELES  |9 665 
650 |a LA SABIDURÍA  |9 1484 
650 |a LAS IDEAS  |9 1485 
650 |a LA DIVINIDAD  |9 1486 
650 |a LA TELEOLOGÍA  |9 1487 
650 |a GRADOS DE LA VIDA  |9 1488 
999 |c 15775  |d 15775 
942 |c 4 D  |h 100 B-59a  |2 z